Statistics for Secrets of Dumbledore Quotes

Click here to take the quiz!

General Stats

  • This quiz has been taken 8 times
  • The average score is 8 of 17

Answer Stats

HintAnswer% Correct
Correct. Three points to ___________Hufflepuff
100%
Our war with the _______ begins today!muggles
80%
Do what is _____, not what is ____right easy
80%
With or without you, I'll ____ down their worldburn
60%
Dangerous times favor _________ ___dangerous men
60%
Who will ____ you now, Dumbledore?love
60%
Love. Arrogance. Naivete. ____ ____ ______pick your poison
60%
Would this be one of your ________ _____ ?regular haunts
60%
A book can take you ______ the _____ and back, all you have to do is open itaround world
40%
Seems to me you're just the kind of _______ ___ the world needs right nowaverage joe
40%
No one can know everything, ___ ____ ___not even you
40%
I was never your enemy. ____ or ___then now
40%
Do you know what it's like? To __ _____ ?be alone
20%
It's a historic day. Where once was ______, there will now be ______.before after
20%
But even if we make mistakes, terrible things... we can try to ____ _____ _____make things right
20%
To conceal our powers is not merely an affront to ourselves... it is ______sinful
20%
I'm looking forward to you educating me a little further on the finer points of _____-____ _____three card monte
0%

Score Distribution

Percentile by Number Answered

Percent of People with Each Score

Your Score History

You have not taken this quiz